Differential GPS explained (Registro nro. 1054)

Detalles MARC
000 -CABECERA
Campo de control 00694nam a2200205 a 4500
005 - FECHA Y HORA DE LA ULTIMA TRANSACCION
Campo de control 20160206151123.0
008 - ELEMENTOS DE LONGITUD FIJA—INFORMACION GENERAL
Campo de control 140224t1993 ck a gr|||| 00| 0 spa d
040 ## - FUENTE DE CATALOGACIÓN
Agencia catalogadora original CO-BoIAVH
Agencia transcriptora CO-BoIAVH
041 ## - IDIOMA
Código de idioma para texto/pista de sonido o título separado Inglés
044 ## - PAÍS DE PUBLICACIÓN
País de publicación Colombia
082 04 - NUMERO DE CLASIFICACION DECIMAL DEWEY
Número de clasificación 526.640285
Número del ítem H96d
100 1# - ASIENTO PRINCIPAL--NOMBRE PERSONAL
Nombre personal Hurn, Jeff
9 (RLIN) 10544
245 1# - MENCION DE TITULO
Título Differential GPS explained
Parte restante del título an expose of the surprisingly simple principles behind today's most advanced positioning technology
260 ## - PUBLICACION, DISTRIBUCION, ETC. (PIE DE IMPRENTA)
Lugar de publicación, distribución, etc. Washington
Nombre del editor, distribuidor, etc. Trimble Navigation Limited
Fecha de publicación, distribución, etc. 1993
300 ## - DESCRIPCION FISICA
Extensión 55 paginas. :
Otros detalles físicos ilustraciones ;
Dimensiones 21 x 13
650 #4 - ASIENTO SECUNDARIO DE MATERIA - TERMINO TEMATICO
Término temático o nombre geográfico como elemento de entrada Manual del usuario
9 (RLIN) 57695
650 #4 - ASIENTO SECUNDARIO DE MATERIA - TERMINO TEMATICO
Término temático o nombre geográfico como elemento de entrada GPS
9 (RLIN) 10382
650 #4 - ASIENTO SECUNDARIO DE MATERIA - TERMINO TEMATICO
Término temático o nombre geográfico como elemento de entrada Sistema de posicionamiento global
9 (RLIN) 57696
942 ## - ELEMENTOS ADICIONALES (KOHA)
Tipo de ítem Libro
Sistema de clasificación Dewey Decimal Classification
Existencias
Withdrawn status Lost status Sistema de Clasificación Damaged status No para préstamo Colección Inventariado Ubicación Permanente Ubicación actual Fecha de adquisición Fuente de Valor Valor Total Checkouts Número topográfico Inventario / Código de Barras Date last seen Ejemplar Price effective from Forma de adquisición Tipo de material
    Dewey Decimal Classification     General Inventariado 2017 Bogotá Bogotá 14/01/1999 Instituto 39000.00   LB-526.640285 H96d 001451 04/12/2012 Ej. 1 04/12/2012   Libro